Endangered languages : language loss and community response

Αποθηκεύτηκε σε:
Λεπτομέρειες βιβλιογραφικής εγγραφής
Άλλοι συγγραφείς: Grenoble, Lenore A. (Επιμελητής έκδοσης), Whaley, Lindsay J. (Επιμελητής έκδοσης)
Μορφή: Βιβλίο
Γλώσσα:English
Δημοσίευση: [Cambridge]; [New York] : Cambridge University Press, [c1998]
Θέματα:
Ετικέτες: Προσθήκη ετικέτας
Δεν υπάρχουν, Καταχωρήστε ετικέτα πρώτοι!

MARC

LEADER 00000nam a2200000 i 4500
001 1/67961
008 071216s1998 eng d
020 |a 978-0-521-59102-7 (hbk.) 
035 |l 10093145 
040 |a GR-MY-UA  |b gre  |e aacr 
041 0 |a eng 
082 0 |a 408.9  |2 (22) 
245 1 0 |a Endangered languages :  |b language loss and community response /  |c edited by Lenore A. Grenoble and Lindsay J. Whaley 
246 3 4 |a Endangered languages  |b ; current issues and future prospects 
260 |a [Cambridge]; [New York] :   |b Cambridge University Press,   |c [c1998] 
300 |a xvii, 361 σ.;  |b διαγρ.;  |c 24 εκ. 
504 |a Βιβλιογραφία: σ. 329-347. Ευρετήριο 
650 0 0 |a Language attrition. 
650 0 0 |a Language maintenance. 
650 0 0 |a Linguistic change. 
650 0 0 |a Linguistic minorities. 
700 1 |a Grenoble, Lenore A.  |4 edt 
700 1 |a Whaley, Lindsay J.  |4 edt 
852 |a INST  |b RHODES  |e 20071216  |h 408.9 END  |p 005400025000  |q 005400025000  |t BK  |y 0 
901 |a BIBL4-2007-3 
909 |a Ρ  |b 141964 
922 |a 4ΕΛΗ  |b 200711  |c ΕΠΕΑΕΚ2/ΠΤΔΕ  |d ΠΑΠΑΣΩΤΗΡΙΟΥ 
970 |a ΧΑΡΙΟΠΟΛΙΤΟΥ  |b ΚΩΝΣΤΑΝΤΙΝΑ  |z 2007/12/16